Dai grammata alla sapienza: l'esegesi cristiana antica (II-V sec.)

Saved in:  
Bibliographic Details
Main Author: Monfrinotti, Matteo 1982- (Author)
Format: Print Book
Language:Italian
Latin
Ancient Greek
Subito Delivery Service: Order now.
Check availability: HBZ Gateway
WorldCat: WorldCat
Interlibrary Loan:Interlibrary Loan for the Fachinformationsdienste (Specialized Information Services in Germany)
Published: Roma Pontificio Ateneo Sant'Anselmo 2025
Sankt Ottilien EOS - Editions of Sankt Ottilien 2025
In: Studia Anselmiana (200)
Year: 2025
Series/Journal:Studia Anselmiana 200
Standardized Subjects / Keyword chains:B Early Christianity (motif) / Exegesis / History 100-500
RelBib Classification:HA Bible
KAB Church history 30-500; early Christianity
Online Access: Table of Contents

MARC

LEADER 00000cam a2200000 c 4500
001 1941722695
003 DE-627
005 20260409075117.0
007 tu
008 251120s2025 it ||||| 00| ||ita c
020 |a 9783830682912  |q EOS  |9 978-3-8306-8291-2 
020 |a 9791281553835  |q Editorale Romani  |9 979-12-81553-83-5 
035 |a (DE-627)1941722695 
035 |a (DE-599)KXP1941722695 
035 |a (OCoLC)1568101111 
035 |a (ZDB-21-EIL)6120497 
040 |a DE-627  |b ger  |c DE-627  |e rda 
041 |a ita  |a lat  |a grc 
044 |c XA-IT  |c XA-DE 
050 0 |a BS 
082 0 |a 870  |2 14 
082 0 4 |a 230  |q DE-101 
084 |a 1  |2 ssgn 
084 |a BO 2055  |2 rvk  |0 (DE-625)rvk/14086: 
084 |a 11.51  |2 bkl 
084 |a 11.34  |2 bkl 
084 |a 11.40  |2 bkl 
084 |a 11.46  |2 bkl 
100 1 |e VerfasserIn  |0 (DE-588)1103495984  |0 (DE-627)86124446X  |0 (DE-576)470624019  |4 aut  |a Monfrinotti, Matteo  |d 1982- 
109 |a Monfrinotti, Matteo 1982- 
245 1 0 |a Dai grammata alla sapienza  |b l'esegesi cristiana antica (II-V sec.)  |c Matteo Monfrinotti 
264 1 |a Roma  |b Pontificio Ateneo Sant'Anselmo  |c 2025 
264 1 |a Sankt Ottilien  |b EOS - Editions of Sankt Ottilien  |c 2025 
300 |a IX, 303 Seiten  |c 25 cm 
336 |a Text  |b txt  |2 rdacontent 
337 |a ohne Hilfsmittel zu benutzen  |b n  |2 rdamedia 
338 |a Band  |b nc  |2 rdacarrier 
490 1 |a Studia Anselmiana  |v 200 
500 |a Bound 
500 |a Joint edition 
500 |a Literaturangaben 
546 |a Beinhaltet Texte in Latein und Altgriechisch mit italienischer Übersetzung 
583 1 |a Archivierung/Langzeitarchivierung gewährleistet  |f FID  |x XA-DE-BW  |2 pdager  |5 DE-21 
652 |a HA:KAB 
689 0 0 |d s  |0 (DE-588)4129954-1  |0 (DE-627)104161795  |0 (DE-576)209614838  |2 gnd  |a Frühchristentum 
689 0 1 |d s  |0 (DE-588)4015950-4  |0 (DE-627)104675314  |0 (DE-576)20891434X  |2 gnd  |a Exegese 
689 0 2 |q z  |2 gnd  |a Geschichte 100-500 
689 0 |5 (DE-627) 
776 1 |z 9783830612469 
830 0 |a Studia Anselmiana  |v 200  |9 200  |w (DE-627)130025399  |w (DE-576)015567354  |w (DE-600)423829-1  |7 am 
856 4 2 |u https://swbplus.bsz-bw.de/bsz1941722695inh.htm  |m V:DE-576  |m B:DE-21  |v 20260117200150  |3 Inhaltsverzeichnis  |7 1 
936 r v |a BO 2055  |b Einzelfragen  |k Theologie und Religionswissenschaften  |k Patrologie und Kirchengeschichte  |k Kirchengeschichte nach Perioden  |k Alte Kirchengeschichte und Patrologie  |k Darstellungen:  |k Einzelfragen  |0 (DE-627)1408932008  |0 (DE-625)rvk/14086:  |0 (DE-576)338932003 
936 b k |a 11.51  |j Frühes Christentum  |0 (DE-627)106419641 
936 b k |a 11.34  |j Exegese  |j Hermeneutik  |x Bibel  |0 (DE-627)106404415 
936 b k |a 11.40  |j Exegese  |j Hermeneutik  |x Altes Testament  |0 (DE-627)106413260 
936 b k |a 11.46  |j Exegese  |j Hermeneutik  |x Neues Testament  |0 (DE-627)106417975 
951 |a BO 
BIB |a 1 
ELC |b 1 
ITA |a 1  |t 1 
LOK |0 000 xxxxxcx a22 zn 4500 
LOK |0 001 4845341905 
LOK |0 003 DE-627 
LOK |0 004 1941722695 
LOK |0 005 20260112150212 
LOK |0 008 260112||||||||||||||||ger||||||| 
LOK |0 040   |a DE-21  |c DE-627  |d DE-21 
LOK |0 852   |a DE-21 
LOK |0 852 1  |c 66 A 96  |9 00 
LOK |0 935   |a theo 
LOK |0 938   |a 2601  |f 2 
LOK |0 939   |a 2026-01-12  |b l01 
LOK |0 000 xxxxxcx a22 zn 4500 
LOK |0 001 4855554685 
LOK |0 003 DE-627 
LOK |0 004 1941722695 
LOK |0 005 20260121091434 
LOK |0 008 260121||||||||||||||||ger||||||| 
LOK |0 040   |a DE-Tue135  |c DE-627  |d DE-Tue135 
LOK |0 092   |o n 
LOK |0 852   |a DE-Tue135 
LOK |0 852 1  |9 00 
LOK |0 936ln  |0 144204408X  |a HA 
LOK |0 936ln  |0 1442044284  |a KAB 
LOK |0 939   |a 2026-01-21  |b l01 
ORI |a TA-MARC-ixtheoa001.raw 
REL |a 1 
STA 0 0 |a Early Christianity (motif),Church,Early Christianity,Early church,Exegesis 
STB 0 0 |a Christianisme primitif (motif),Christianisme primitif,Paléochristianisme,Paléochristianisme,Église,Exégèse 
STC 0 0 |a Cristianismo primitivo,Exegesis 
STD 0 0 |a Cristianesimo delle origini,Esegesi 
STE 0 0 |a 早期基督教,注释,诠释,解经 
STF 0 0 |a 早期基督教,注釋,詮釋,解經 
STG 0 0 |a Cristianismo primitivo,Exegese 
STH 0 0 |a Раннее христианство,Экзегетика 
STI 0 0 |a Εξηγητική,Ερμηνευτική,Πρώιμος Χριστιανισμός 
SUB |a BIB  |a REL 
SYG 0 0 |a Alte Kirche,Frühkirche , Bibelauslegung,Bibelexegese,Biblische Auslegung,Bibelinterpretation,Biblische Exegese,Schriftauslegung 
TIM |a 100001000101_100005001231  |b Geschichte 100-500